Lord of the Rings Characters- Sudden Death - Statistics

General Stats
  • This quiz has been taken 124 times
  • The average score is 21 of 26
Answers on the Grid
Answers color-coded by a green-red scale on the quiz's grid according to % correct below.
Samwise Gamgee
Bilbo Baggins
Gimli
Arwen Undomiel
Galadriel
Elrond Half-Elven
Eowyn
Tom Bombadil
Pippin Took
Merry Brandybuck
Aragorn
Legolas
Theoden
Boromir
Faramir
Witch-king of Angmar
Treebeard
Radagast
Smaug
Grima Wormtongue
Denethor II
Smeagol
Tauriel
Thorin Oakenshield
Azog the Defiler
Balrog
Ralsei
Pim Pimling
Castiel
Buckbeak
Zuul
Rand al’Thor
Khal Drogo
Stoick the Vast
Horned King
Solomon
Girahim
Lyndis
Harald Bluetooth
Pepin the Short
Sephiroth
Azathoth
 
Answer Stats
Answer % Correct
Legolas
92%
Aragorn
90%
Bilbo Baggins
90%
Boromir
90%
Faramir
90%
Gimli
90%
Smeagol
89%
Balrog
86%
Eowyn
86%
Galadriel
85%
Samwise Gamgee
84%
Smaug
82%
Arwen Undomiel
81%
Pippin Took
81%
Treebeard
80%
Theoden
79%
Merry Brandybuck
77%
Elrond Half-Elven
76%
Tom Bombadil
75%
Thorin Oakenshield
74%
Witch-king of Angmar
73%
Grima Wormtongue
71%
Radagast
65%
Denethor II
61%
Azog the Defiler
60%
Tauriel
60%
No matching quizzes found
Score Distribution
Percent of People with Each Score
Percentile by Number Answered
Your Score History
You have not taken this quiz